|
|
|
|
| LEADER |
00000nam a2200000 a 4500 |
| 001 |
vtls001219234 |
| 003 |
SK-MaSNL |
| 005 |
20260301112456.0 |
| 008 |
251113s1996 xo 0 fre |
| 015 |
|
|
|a SNBE1996/0200934
|
| 020 |
|
|
|a 808048063X
|
| 035 |
|
|
|a SNK000163313
|
| 040 |
|
|
|a SNK
|b slo
|c SNK
|e AACR2
|
| 041 |
0 |
|
|a fre
|
| 044 |
|
|
|a xo
|c SK
|
| 080 |
|
|
|a 908.437.6(083.9)=40
|2 1981
|
| 080 |
|
|
|a 943.76
|2 1981
|
| 100 |
1 |
|
|a Deák, Ladislav,
|d 1931-2011
|4 aut
|9 151090
|
| 245 |
1 |
0 |
|a Pages de l'histoire de la Republique slovaque
|c [auteur: Ladislav Deák ; traduction: Ľuboš Kusenda ; crédit photographique Mikuláš Červeňanský, Peter Brenkus ; présentation graphique Bedrich Schreiber]
|
| 260 |
|
|
|a Bratislava
|b Agence Slovaque d'Information
|c 1996
|
| 300 |
|
|
|a 12 s.
|b čiernobiele a fareb. fotogr., mp., noty
|c 19x10 cm
|
| 490 |
1 |
|
|a Slovaquie - carrefour de l'Europe
|
| 500 |
|
|
|a Údaje o zodp. doplnené z tiráže
|
| 651 |
|
7 |
|a Slovensko
|x dejiny
|2 SNKPHgeo
|9 13278
|
| 655 |
|
7 |
|a informačné publikácie
|2 SNK
|9 70181
|
| 700 |
1 |
|
|a Červeňanský, Mikuláš,
|d 1939-2005
|4 fot
|9 7924
|
| 700 |
1 |
|
|a Brenkus, Peter,
|d 1961-
|4 fot
|9 101175
|
| 700 |
1 |
|
|a Kusenda, Ľuboš
|4 trl
|9 45145
|
| 700 |
1 |
|
|a Schreiber, Bedrich,
|d 1926-1997
|4 gup
|9 160288
|
| 710 |
0 |
|
|a Slovenská informačná agentúra
|4 vyd
|9 33324
|
| 830 |
|
0 |
|a Slovensko - križovatka Európy
|9 283631
|
| 919 |
|
|
|a 80-8048-063-X
|
| 958 |
|
|
|a TL
|
| 958 |
|
|
|a BQ
|
| 999 |
|
|
|c 710682
|d 712612
|
| 952 |
|
|
|t P60, <09>, [BOOK], {629}
|a SNK
|b SNK
|y NEVYP
|7 0
|o snkD 289
|i snk2603/960809
|0 0
|1 0
|4 0
|d 1996-08-08
|l 0
|r 2005-01-01 00:00:00
|w 2026-02-23
|
| 952 |
|
|
|t P60, <03>, [BOOK], {603}
|a SNK
|b SNK
|y PREZ
|7 0
|p 17A0008696
|o snkOSD 7796
|i snkKSP 6220/96
|0 0
|1 0
|4 0
|d 1996-08-08
|l 0
|r 2005-01-01 00:00:00
|w 2026-02-23
|
| 952 |
|
|
|t P60, <04>, [BOOK], {604}
|a SNK
|b SNK
|y VYP
|7 0
|p 17A0008695
|o snkOSD 7796 D1
|i snkKSP 6221/96
|0 0
|1 0
|4 0
|d 1996-08-08
|l 0
|r 2005-01-01 00:00:00
|w 2026-02-23
|